| 000 | 00000nam##2200000za#4500 |
| 001 | 9.699464 |
| 003 | CaOODSP |
| 005 | 20210625000407 |
| 007 | cr ||||||||||| |
| 008 | 150407|1966||||xxc|||||o f|0| 0 eng|d |
| 040 | |aCaOODSP|beng |
| 043 | |an-cn--- |
| 086 | 1 |aA53-1311/1966E-PDF |
| 110 | 1 |aCanada.|bAgriculture Canada.|bResearch Branch. |
| 245 | 10|aIrrigating schedules for early potatoes in southwestern Ontario / |h[electronic resource]|c[by] J.M. Fulton. |
| 260 | |aOttawa - Ontario : |bAgriculture Canada. |c1966. |
| 300 | |a16p.|btables, photographs |
| 500 | |aHistorical publication digitized by Agriculture and Agri-Food Canada. -- "A revision of Irrigating Early Potatoes in Southwestern Ontario, Publication 1028, 1958."--p. 16 of 16. |
| 590 | |a15-01-Supp|b2015-01-26 |
| 690 | 07|aIrrigation|2gcpds |
| 690 | 07|aPotatoes|2gcpds |
| 856 | 40|ahttp://publications.gc.ca|qPDF|s1.1 MB|uhttps://publications.gc.ca/collections/collection_2014/aac-aafc/agrhist/A53-1311-1966-eng.pdf |
| 986 | |a1311 |